000 00525nam a2200181Ia 4500
005 20250326143156.0
008 250326s9999 xx 000 0 und d
037 _aTextbook
040 _aFMSL
_beng
_cFMSL
041 _aeng
_2eng
084 _aX65 M4
_qFMSL
100 _aGrewal S S
_9436795
245 0 _aProfitable investment inshares : beginner's guide
_cGrewal S S; Grewal N
260 _aNew Delhi
_bNew Delhi, Vision Books
_c1984
300 _a104p
942 _cTB
_hX65 M4
999 _c1298453
_d1298453